000 01816cam a2200337 i 4500
999 _c14023
_d14023
003 OSt
005 20260226164311.0
008 141112s2014 nyua b 001 0 eng d
010 _a 2014469522
020 _a0071800123
020 _a9780071800129
042 _alccopycat
082 0 4 _a388/.04
_223
100 1 _aVanek, Francis M.
245 1 0 _aSustainable transportation systems engineering /
_cFrancis M. Vanek, Ph. D., Largus T. Angenent, Ph. D., James H. Banks, Ph. D., Ricardo A. Daziano, Ph. D., and Mark A. Turnquist, Ph. D.
260 _aNew York :
_bMcgraw-Hill Education,
_c2014.
300 _axxix, 672 pages :
_billustrations ;
_c25 cm
504 _aIncludes bibliographical references and index.
520 _aFeaturing in-depth coverage of passenger and freight transportation, this comprehensive resource discusses contemporary transportation systems and options for improving their sustainability. The book addresses vehicle and infrastructure design, economics, environmental concerns, energy security, and alternative energy sources and platforms. Worked-out examples, case studies, illustrations, equations, and end-of-chapter problems are also included in this practical guide.
650 0 _aTransportation.
650 0 _aTransportation
_xPlanning.
650 0 _aTransportation
_xTechnological innovations.
700 1 _aAngenent, Largus T.
700 1 _aBanks, James H.
700 1 _aDaziano, Ricardo A.
700 1 _aTurnquist, Mark A.
856 4 1 _3Table of contents only
_uhttp://www.loc.gov/catdir/enhancements/fy1507/2014469522-t.html
856 4 2 _3Publisher description
_uhttp://www.loc.gov/catdir/enhancements/fy1507/2014469522-d.html
856 4 2 _3Contributor biographical information
_uhttp://www.loc.gov/catdir/enhancements/fy1507/2014469522-b.html
942 _2ddc